Sverige Quizen - Statistics

General Stats
  • This quiz has been taken 301 times
  • The average score is 8 of 15
Answer Stats
Question Answer % Correct
1b) Vilka är de tre största sjöarna i Sverige? #2 Vättern
97%
1a) Vilka är de tre största sjöarna i Sverige? #1 Vänern
95%
4a) Vilka är de tre största landskap i Sverige i m2? #1 Lappland
85%
1c) Vilka är de tre största sjöarna i Sverige? #3 Mälaren
77%
3a) Vilka är de tre högsta bergen i Sverige? #1 Kebnekaise
75%
5a) Vilka är de tre största landskap i Sverige i antal invånare? #1 Uppland
75%
4c) Vilka är de tre största landskap i Sverige i m2? #3 Småland
69%
5c) Vilka är de tre största landskap i Sverige i antal invånare? #3 Södermanland
64%
4b) Vilka är de tre största landskap i Sverige i m2? #2 Jämtland
57%
5b) Vilka är de tre största landskap i Sverige i antal invånare? #2 Västergötland
54%
2b) Vilka är de tre längsta floderna i Sverige? #2 Dalaälv
33%
2a) Vilka är de tre längsta floderna i Sverige? #1 Torneälv
26%
2c) Vilka är de tre längsta floderna i Sverige? #3 Umeälv
19%
3c) Vilka är de tre högsta bergen i Sverige? #3 Kaskasatjåkka
1%
3b) Vilka är de tre högsta bergen i Sverige? #2 Sarekjåkka
1%
No matching quizzes found
Score Distribution
Percent of People with Each Score
Percentile by Number Answered
Your Score History
You have not taken this quiz